Music Quiz

Random Music or The Beatles Quiz

The Beatles Forename Match Quiz Stats

 Plays Quiz Updated Oct 26, 2019

Score 0/20 Timer 03:00
22 Plays Today
% Correct
Jude
97.4%
John
96.8%
Lucy
96.4%
Eleanor
96.2%
Penny
95.9%
Madonna
91.2%
Lizzy
90.3%
Rocky
90.1%
Bill
88.1%
Sally
85.6%
% Correct
Maggie
84.4%
Jay
84.4%
Maxwell
82.6%
Sadie
82.4%
Prudence
82.4%
Rita
82%
Pam
79.4%
Robert
71.3%
Martha
70.5%
Anna
67.2%

You're not logged in!

Compare scores with friends on all Sporcle quizzes.
OR
Log In

Sporcle TV

Today on Sporcle TV


Watch our educational content, quiz creation guides, and fun videos on Sporcle TV.

Show Comments

Extras

Top Quizzes Today


Score Distribution

Your Account Isn't Verified!

In order to create a playlist on Sporcle, you need to verify the email address you used during registration. Go to your Sporcle Settings to finish the process.

Report this User

Report this user for behavior that violates our Community Guidelines.

Details: